Market microstructure theory / (Record no. 66939)
[ view plain ]
| 000 -LEADER | |
|---|---|
| fixed length control field | 00655cam a2200217 a 4500 |
| 001 - CONTROL NUMBER | |
| control field | 653431 |
| 003 - CONTROL NUMBER IDENTIFIER | |
| control field | BD-DhUL |
| 005 - DATE AND TIME OF LATEST TRANSACTION | |
| control field | 20190128100509.0 |
| 008 - FIXED-LENGTH DATA ELEMENTS--GENERAL INFORMATION | |
| fixed length control field | 940610s1995 maua b 001 0 eng |
| 020 ## - INTERNATIONAL STANDARD BOOK NUMBER | |
| International Standard Book Number | 1557864438 |
| 040 ## - CATALOGING SOURCE | |
| Original cataloging agency | DLC |
| Transcribing agency | DLC |
| Modifying agency | DLC |
| -- | BD-DhUL |
| 082 00 - DEWEY DECIMAL CLASSIFICATION NUMBER | |
| Classification number | 332.64 |
| Item number | OHM |
| 100 1# - MAIN ENTRY--PERSONAL NAME | |
| Personal name | O'Hara, Maureen. |
| 245 10 - TITLE STATEMENT | |
| Title | Market microstructure theory / |
| Statement of responsibility, etc. | Maureen O'Hara. |
| 260 ## - PUBLICATION, DISTRIBUTION, ETC. (IMPRINT) | |
| Place of publication, distribution, etc. | Cambridge, Mass. : |
| Name of publisher, distributor, etc. | Blackwell, |
| Date of publication, distribution, etc. | 1995. |
| 300 ## - PHYSICAL DESCRIPTION | |
| Extent | x, 290 p. : |
| Other physical details | ill. ; |
| Dimensions | 25 cm. |
| 504 ## - BIBLIOGRAPHY, ETC. NOTE | |
| Bibliography, etc | Includes bibliographical references and index. |
| 650 #0 - SUBJECT ADDED ENTRY--TOPICAL TERM | |
| Topical term or geographic name as entry element | Securities |
| General subdivision | Mathematical models. |
| 650 #0 - SUBJECT ADDED ENTRY--TOPICAL TERM | |
| Topical term or geographic name as entry element | Stock exchanges |
| General subdivision | Mathematical models. |
| 942 ## - ADDED ENTRY ELEMENTS (KOHA) | |
| Source of classification or shelving scheme | |
| Koha item type | Books |
| Price effective from | Date last seen | Permanent Location | Not for loan | Date acquired | Source of classification or shelving scheme | Koha item type | Lost status | Withdrawn status | Copy number | Source of acquisition | Collection code | Damaged status | Shelving location | Barcode | Current Location | Full call number |
|---|---|---|---|---|---|---|---|---|---|---|---|---|---|---|---|---|
| 2016-05-17 | 2016-05-17 | Dhaka University Library | 1994-08-25 | Books | 4 | Purchased | Non Fiction | General Stacks | 387345 | Dhaka University Library | 332.64 OHM | |||||
| 2016-05-17 | 2016-05-17 | Dhaka University Library | 1994-08-25 | Books | 5 | Purchased | Non Fiction | General Stacks | 387346 | Dhaka University Library | 332.64 OHM | |||||
| 2016-05-17 | 2016-05-17 | Dhaka University Library | 1994-08-25 | Books | 2 | Purchased | Non Fiction | General Stacks | 387343 | Dhaka University Library | 332.64 OHM | |||||
| 2016-05-17 | 2016-05-17 | Dhaka University Library | 1994-08-25 | Books | 3 | Purchased | Non Fiction | General Stacks | 387344 | Dhaka University Library | 332.64 OHM | |||||
| 2016-05-17 | 2016-05-17 | Dhaka University Library | 1994-08-25 | Books | 1 | Purchased | Non Fiction | General Stacks | 387342 | Dhaka University Library | 332.64 OHM |
